Statistics for Geography Tile Select Quiz

Click here to take the quiz!

General Stats

  • This quiz has been taken 70,686 times
  • The average score is 59 of 68

Answer Stats

QuestionTileSelect% Correct
European capital citiesLondonYes
99%
European capital citiesParisYes
99%
States of the U.S.CubaNo
98%
States of the U.S.GuamNo
98%
European capital citiesSaratovNo
97%
States of the U.S.AlaskaYes
96%
European capital citiesDublinYes
96%
European capital citiesMoscowYes
96%
States of the U.S.Puerto RicoNo
96%
States of the U.S.AlabamaYes
95%
European capital citiesCopenhagenYes
95%
European capital citiesOdessaNo
95%
European capital citiesOsloYes
95%
European capital citiesValenciaNo
95%
States of the U.S.ArkansasYes
94%
Countries that touch the Caribbean SeaComorosNo
94%
States of the U.S.HawaiiYes
94%
States of the U.S.IndianaYes
94%
States of the U.S.IowaYes
94%
Countries whose flag contains redIrelandNo
94%
Countries that touch the Caribbean SeaNauruNo
94%
States of the U.S.OklahomaYes
94%
Countries that touch the Caribbean SeaPalauNo
94%
European capital citiesPragueYes
94%
States of the U.S.WyomingYes
94%
Countries that touch the Caribbean SeaJamaicaYes
93%
Countries whose flag contains redJapanYes
93%
European capital citiesKyivYes
93%
States of the U.S.Los AngelesNo
93%
States of the U.S.MississippiYes
93%
Countries that touch the Caribbean SeaSeychellesNo
93%
Countries that touch the Caribbean SeaCape VerdeNo
92%
European capital citiesFrankfurtNo
92%
Countries whose flag contains redUruguayNo
92%
Countries that touch the Caribbean SeaHaitiYes
91%
European capital citiesMilanNo
91%
Chinese citiesWuhanYes
91%
Countries that touch the Caribbean SeaAntigua and BarbudaYes
90%
Countries whose flag contains redIndiaNo
90%
States of the U.S.MiamiNo
90%
Countries whose flag contains redNigeriaNo
90%
Countries whose flag contains redSwitzerlandYes
90%
Chinese citiesBangkokNo
89%
Countries that touch the Caribbean SeaSaint Vincent and the GrenadinesYes
89%
Chinese citiesAnsanNo
88%
Chinese citiesGuangzhouYes
88%
Countries that touch the Caribbean SeaSaint LuciaYes
88%
European capital citiesBarcelonaNo
87%
Countries whose flag contains redSomaliaNo
86%
Countries that touch the Caribbean SeaGrenadaYes
84%
Countries whose flag contains redItalyYes
84%
Chinese citiesXi'anYes
84%
European capital citiesBelgradeYes
83%
Countries whose flag contains redBosnia & HerzegovinaNo
83%
Countries that touch the Caribbean SeaSão Tomé and PríncipeNo
83%
States of the U.S.Washington DCNo
83%
Chinese citiesDanangNo
78%
Countries whose flag contains redNew ZealandYes
78%
Countries whose flag contains redTanzaniaNo
78%
European capital citiesLjubljanaYes
76%
Chinese citiesXiamenYes
76%
Countries whose flag contains redBelgiumYes
74%
Countries whose flag contains redNetherlandsYes
72%
Countries whose flag contains redBulgariaYes
66%
Chinese citiesChangwonNo
60%
Countries whose flag contains redPapua New GuineaYes
56%
Countries whose flag contains redCameroonYes
54%
Chinese citiesShantouYes
42%

Score Distribution

Percentile by Number Answered

Percent of People with Each Score

Your Score History

You have not taken this quiz